|
|
|
|
| LEADER |
01319nam a2200325 a 4500 |
| 001 |
67 |
| 003 |
BD-DhAAL |
| 005 |
20150217114752.0 |
| 008 |
150217s1993 caua b 001 0 eng |
| 010 |
|
|
|a 93025530
|
| 020 |
|
|
|a 0803951051 (cl)
|
| 020 |
|
|
|a 080395106X (pb)
|
| 040 |
|
|
|a DLC
|c DLC
|d DLC
|d BD-DhAAL
|
| 050 |
0 |
0 |
|a P302.84
|b .D57 1993
|
| 082 |
0 |
0 |
|a 306.4/4
|2 20
|
| 245 |
0 |
0 |
|a Discourse and lifespan identity /
|c [edited by] Nikolas Coupland, Jon F. Nussbaum.
|
| 260 |
|
|
|a Newbury Park :
|b Sage Publications,
|c c1993.
|
| 300 |
|
|
|a xxviii, 308 p. :
|b ill. ;
|c 23 cm.
|
| 490 |
|
|
|a Language and language behaviors ;
|v v. 4
|
| 504 |
|
|
|a Includes bibliographical references and indexes.
|
| 541 |
|
|
|e 67
|
| 650 |
|
0 |
|a Discourse analysis
|x Social aspects.
|9 8546
|
| 650 |
|
0 |
|a Social interaction.
|9 8547
|
| 650 |
|
0 |
|a Life cycle, Human.
|9 8548
|
| 700 |
1 |
|
|a Coupland, Nikolas,
|d 1950-
|9 8549
|
| 700 |
1 |
|
|a Nussbaum, Jon F.
|9 8550
|
| 942 |
|
|
|2 ddc
|c BK
|
| 999 |
|
|
|c 33729
|d 33729
|
| 952 |
|
|
|0 0
|1 0
|2 ddc
|4 0
|6 306_440000000000000_DIS
|7 0
|9 52675
|a SCL
|b SCL
|c GEN
|d 2015-02-17
|e Gift: The Asia Foundation
|l 0
|o 306.44 DIS
|p 3020000067
|r 2015-02-17
|t 1
|w 2015-02-17
|y BK
|
| 952 |
|
|
|0 0
|1 0
|2 ddc
|4 0
|6 306_440000000000000_DIS
|7 0
|9 52676
|a SCL
|b SCL
|c GEN
|d 2015-02-17
|e Gift: The Asia Foundation
|l 0
|o 306.44 DIS
|p 3020000068
|r 2015-02-17
|t 2
|w 2015-02-17
|y BK
|